000 00624nam a2200205Ia 4500
005 20250508150509.0
008 008 250505s9999 xx 000 0 eng d
037 _aTextual
040 _aFEDL
_beng
_cFEDL
041 _aeng
_2eng
084 _a301.1, KEL
_qFEDL
100 _aKelsen Hans
245 0 _aSociety and nature: A sociologinal inquiry
260 _aLondon, UK
_bKegan Paul, Trench, Trubner and Co. Ltd
_c1946
300 _aviii,391p
490 _aInternational libery of sociology and social reconstruction
650 _aSociology
942 _cTEXL
_h301.1, KEL
999 _c1323915
_d1323915